000 00288nam a22001337a 4500
020 _a0-671-53528-5
082 _a823
_bKEH/F
100 _aKEHRET, PEG
245 _aFRIGHTMARES
260 _aNEW YORK
_bMINSTREL BOOK
_c1996
300 _a119
650 _aNOVEL
_zUNITED STATES
942 _cBK
999 _c3390
_d3390